000 00548nam a22001457a 4500
005 20241217093155.0
008 241001b |||||||| |||| 00| 0 eng d
082 _2DPer050 M72 January-March 2018 v. 66 no. 8-10
100 _aInnotech, Seameo.
_eauthor.
_961906
245 _aHealty school, healthy learners /
_cSeameo Innotech.
260 _aPhilippines;
_bPublishers Association of the Philippines, Inc.,
_cNovember 2018.
300 _aVolume 66, pages 227-228,
_billustration.
700 _aInnotech, Seameo.
_eauthor.
_961907
942 _2ddc
_cPER
999 _c22059
_d22059